[Event "Interclubs Adultes"]
[Site "CLICHY"]
[Date "16.??.??"]
[Round "9.5"]
[White "Peralta, Fernando"]
[Black "Terrieux, Kevin"]
[Result "1-0"]
[WhiteElo "2551"]
[BlackElo "2363"]
[PlyCount "53"]
[EventDate "16.??.??"]
[WhiteTeam "Chalons en Champagne"]
[BlackTeam "Guingamp"]

1. d4 Nf6 2. c4 e6 3. Nc3 Bb4 4. e3 b6 5. Nge2 c5 6. a3 Ba5 7. Rb1 Na6 8. Ng3
Bb7 9. Bd3 O-O 10. O-O Bxc3 11. bxc3 d5 12. cxd5 exd5 13. f3 Re8 14. Re1 Qd6
15. Bb2 Rad8 16. Qd2 Qf8 17. e4 dxe4 18. fxe4 cxd4 19. cxd4 Nc7 20. Rbc1 Re7
21. d5 Nfe8 22. Nf5 Red7 23. Bc3 f6 24. Bb4 Qf7 25. Bc4 Kh8 26. d6 Qh5 27. Qf4
1-0

[Event "Interclubs Adultes"]
[Site "CLICHY"]
[Date "16.??.??"]
[Round "9.6"]
[White "Bodenez, Vincent"]
[Black "Cossin, Sebastien"]
[Result "0-1"]
[WhiteElo "2175"]
[BlackElo "2438"]
[PlyCount "114"]
[EventDate "16.??.??"]
[WhiteTeam "Guingamp"]
[BlackTeam "Chalons en Champagne"]

1. e4 c5 2. Nf3 d6 3. d4 cxd4 4. Nxd4 Nf6 5. Nc3 a6 6. Be3 e5 7. Nb3 Be6 8. f3
Be7 9. Qd2 O-O 10. O-O-O Nbd7 11. g4 b5 12. g5 b4 13. Ne2 Ne8 14. f4 a5 15. f5
a4 16. Nbd4 exd4 17. Nxd4 b3 18. Kb1 bxc2+ 19. Nxc2 Bxa2+ 20. Kxa2 Ne5 21. h4
Qb8 22. Rh3 Qb3+ 23. Ka1 Nc7 24. Bd4 Nf3 25. Qd3 Nxd4 26. Nxd4 Qb7 27. f6 Rfb8
28. Rd2 a3 29. b3 Bf8 30. h5 Ne6 31. Nxe6 fxe6 32. Ka2 Ra5 33. h6 gxf6 34. gxf6
Rg5 35. Rg2 Rxg2+ 36. Bxg2 Qf7 37. e5 dxe5 38. Be4 Kh8 39. Rg3 Qxf6 40. Rf3 Qd8
41. Bxh7 Qxd3 42. Bxd3 Rd8 43. h7 e4 44. Rxf8+ Rxf8 45. Bxe4 Rf4 46. Bb1 e5 47.
Kxa3 e4 48. b4 e3 49. Bd3 Rd4 50. Bf1 Kxh7 51. Ka4 Kg7 52. Ka5 Kf7 53. b5 Ke7
54. b6 Kd8 55. Ka6 Kc8 56. Ka7 Ra4+ 57. Ba6+ Rxa6+ 0-1

[Event "Interclubs Adultes"]
[Site "CLICHY"]
[Date "16.??.??"]
[Round "9.8"]
[White "Le Diouron, Aurelie"]
[Black "Mancini, Mario"]
[Result "1/2-1/2"]
[WhiteElo "2028"]
[BlackElo "2225"]
[PlyCount "82"]
[EventDate "16.??.??"]
[WhiteTeam "Guingamp"]
[BlackTeam "Chalons en Champagne"]

1. e4 c5 2. Nf3 d6 3. Bb5+ Nd7 4. O-O e6 5. c3 Be7 6. d4 Ngf6 7. Re1 O-O 8.
Nbd2 cxd4 9. cxd4 a6 10. Ba4 b5 11. Bc2 Bb7 12. Nf1 Re8 13. Ng3 Nf8 14. Bg5
N6d7 15. Bxe7 Qxe7 16. Qd3 Nb6 17. b3 Rac8 18. a4 bxa4 19. bxa4 a5 20. d5 Qc7
21. Rec1 exd5 22. exd5 Nxd5 23. Qd2 Qd8 24. Be4 Rxc1+ 25. Rxc1 Qa8 26. Rd1 Nb4
27. Bxb7 Qxb7 28. Qxd6 g6 29. h4 Ne6 30. Qe5 Nc6 31. Qe4 Ng7 32. Qg4 Qb4 33.
Qd7 Ne5 34. Nxe5 Rxe5 35. Rd4 Qe1+ 36. Nf1 Ne6 37. Rd1 Qe4 38. Nh2 Nf4 39. Nf3
Rd5 40. Rxd5 Qxd5 41. Qxd5 Nxd5 1/2-1/2

[Event "Interclubs Adultes"]
[Site "CLICHY"]
[Date "16.??.??"]
[Round "9.1"]
[White "Greet, Andrew N"]
[Black "Murey, Jacob"]
[Result "1-0"]
[WhiteElo "2444"]
[BlackElo "2411"]
[PlyCount "135"]
[EventDate "16.??.??"]
[WhiteTeam "Deauville"]
[BlackTeam "Chess XV"]

1. e4 e6 2. d4 d5 3. Nc3 Bb4 4. e5 c5 5. a3 Bxc3+ 6. bxc3 Nh6 7. Bxh6 gxh6 8.
Nf3 Qa5 9. Qd2 Nc6 10. Rb1 a6 11. dxc5 Qxc5 12. Bd3 Qxa3 13. O-O Qf8 14. c4 Qg7
15. cxd5 exd5 16. Rfe1 O-O 17. Qf4 Nd8 18. Re3 Ne6 19. Qh4 f5 20. exf6 Qxf6 21.
Rb6 Qxh4 22. Nxh4 Nf4 23. Rxh6 Nxd3 24. Rg3+ Kh8 25. cxd3 a5 26. Rh5 Rf6 27.
Ng6+ Rxg6 28. Rxg6 a4 29. Rb6 a3 30. Rb1 Ra5 $11 {(=)} 31. f3 Bd7 32. Ra1 Kg7
33. Kf2 Bc6 34. Rh4 b5 35. Rb4 d4 36. Rxd4 Kf7 37. Ke3 Ke6 38. Rb4 Bd5 39. Kd4
Kd6 40. Kc3 a2 41. Kb2 Kc5 42. Rh4 Ra7 43. Rc1+ Kd6 44. Rb4 Ra5 45. Ka1 h5 46.
Rb2 h4 47. f4 Ra3 48. Rd2 b4 49. g4 hxg3 50. hxg3 Be6 51. Rf1 Ra5 52. g4 Bxg4
53. Rxa2 Rd5 54. Rd2 Ke6 55. Kb2 Rd4 56. Kc2 Kf5 57. Rdf2 Bh5 58. Re1 Bf7 59.
Re5+ Kf6 60. Re4 b3+ 61. Kc3 Rd8 62. Rb4 Rc8+ 63. Kd4 Rd8+ 64. Ke3 Re8+ 65. Kd2
Rc8 66. Re2 Rc2+ 67. Ke3 Rc6 68. Rh2 1-0

[Event "Interclubs Adultes"]
[Site "CLICHY"]
[Date "16.??.??"]
[Round "9.2"]
[White "Steimer, Michel"]
[Black "Colin, Vincent"]
[Result "0-1"]
[WhiteElo "2165"]
[BlackElo "2396"]
[PlyCount "62"]
[EventDate "16.??.??"]
[WhiteTeam "Chess XV"]
[BlackTeam "Deauville"]

1. d4 Nf6 2. c4 e6 3. Nf3 d5 4. g3 dxc4 5. Bg2 Nc6 6. O-O Rb8 7. Nc3 b5 8. Bg5
Be7 9. Re1 O-O 10. e4 Nb4 11. Ne5 Nd7 12. Bxe7 Qxe7 13. Ng4 Nd3 14. Re2 Qd6 15.
d5 e5 16. Ne3 N7c5 17. Rd2 Ba6 18. Nf5 Qd8 19. d6 cxd6 20. Nd5 Rb7 21. Qg4 g6
22. Nh6+ Kh8 23. f4 f6 24. Rf1 exf4 25. gxf4 Rg7 26. Qg3 Bb7 27. Nc3 b4 28. Nd5
Bxd5 29. exd5 f5 30. Qe3 Qh4 31. Rf3 Qxh6 0-1

[Event "Interclubs Adultes"]
[Site "CLICHY"]
[Date "16.??.??"]
[Round "9.4"]
[White "Roman, Dimitri"]
[Black "Godard, Maxence"]
[Result "0-1"]
[WhiteElo "2091"]
[BlackElo "2332"]
[PlyCount "70"]
[EventDate "16.??.??"]
[WhiteTeam "Chess XV"]
[BlackTeam "Deauville"]

1. e4 d6 2. d4 Nf6 3. Bd3 e5 4. c3 Be7 5. Ne2 O-O 6. O-O c6 7. Nd2 Qc7 8. f4 c5
9. a4 cxd4 10. cxd4 Nc6 11. d5 Nb4 12. Nc4 Ng4 13. Rf3 Qc5+ 14. Be3 Nxe3 15.
Nxe3 exf4 16. Rc1 Qb6 17. a5 Qxa5 18. Nxf4 Bd7 19. Nf5 Bxf5 20. exf5 Bf6 21.
Rh3 Rac8 22. Nh5 Bg5 23. Rc3 Rxc3 24. bxc3 Nxd5 25. f6 g6 26. Rf3 Qxc3 27. Kh1
Qc1 28. Qxc1 Bxc1 29. Ng3 Nb4 30. Bb5 d5 31. Rc3 Bg5 32. Rc7 a6 33. Bd7 b5 34.
Ne2 Bxf6 35. Nf4 $4 Be5 0-1

[Event "Interclubs Adultes"]
[Site "CLICHY"]
[Date "16.??.??"]
[Round "9.6"]
[White "Mutombo-Bantubikisha, Elie"]
[Black "Sandalakis, Angelos"]
[Result "0-1"]
[WhiteElo "1895"]
[BlackElo "2363"]
[PlyCount "126"]
[EventDate "16.??.??"]
[WhiteTeam "Chess XV"]
[BlackTeam "Deauville"]

1. d4 Nf6 2. c4 e6 3. a3 c5 4. Nf3 cxd4 5. Nxd4 a6 6. g3 Qc7 7. b3 Nc6 8. Bg2
Nxd4 9. Qxd4 Bc5 10. Qf4 Bd6 11. Qd2 Be5 12. Bb2 Bxb2 13. Qxb2 O-O 14. O-O d5
15. Nd2 Rd8 16. cxd5 exd5 17. Rac1 Qe7 18. e3 Bf5 19. Nf3 Be4 20. Rfd1 h5 21.
h3 Rd6 22. Rd4 Rc6 23. Rxc6 bxc6 24. b4 Nd7 25. Nd2 Bxg2 26. Kxg2 Qf6 27. Qc2
Ne5 28. Rf4 Qd6 29. Rd4 Qf6 30. f4 Nd7 31. Nb3 Qe6 32. Qc3 Re8 33. Rd3 Qe4+ 34.
Kh2 Qf3 35. Qd2 Qf1 36. Rc3 Nf6 37. Rc1 Qf3 38. Re1 h4 39. gxh4 Qh5 40. Nd4
Qxh4 41. Rg1 Qh7 42. Nxc6 Qe4 43. Ne5 Nh5 44. Ng4 Kh8 45. Qg2 d4 46. Qxe4 Rxe4
47. exd4 Rxd4 48. f5 $11 f6 49. Rc1 Rd2+ 50. Kg1 Rd3 51. Rc8+ Kh7 52. Ra8 Rxa3
53. b5 Rg3+ 54. Kf2 axb5 55. Rb8 Rb3 56. Rb7 b4 57. Ne3 Nf4 58. Kf3 Nxh3 59.
Ke4 Nf2+ 60. Kf4 Nd3+ 61. Kf3 Rc3 62. Ke2 Nf4+ 63. Kf3 Nd5 0-1

[Event "Interclubs Adultes"]
[Site "CLICHY"]
[Date "16.??.??"]
[Round "9.7"]
[White "Amoyal, Pierre"]
[Black "Allaf, Alice"]
[Result "1-0"]
[WhiteElo "2208"]
[BlackElo "1499"]
[PlyCount "57"]
[EventDate "16.??.??"]
[WhiteTeam "Deauville"]
[BlackTeam "Chess XV"]

1. d4 d5 2. c4 dxc4 3. e3 Nf6 4. Bxc4 e6 5. Nf3 c5 6. O-O Bd7 7. Nc3 Nc6 8. d5
exd5 9. Nxd5 Nxd5 10. Bxd5 Be7 11. Qb3 O-O 12. Rd1 Qc7 13. Bd2 Ne5 14. Nxe5
Qxe5 15. Bc3 Qg5 16. Qxb7 Qf5 17. Qxd7 Qxd7 18. Bxf7+ Rxf7 19. Rxd7 a5 20. Rad1
a4 21. Kf1 c4 22. a3 Kf8 23. Rc7 Rf5 24. Rxc4 Bf6 25. Bxf6 Rxf6 26. Rdd4 Rb6
27. Rb4 Rc6 28. Ke2 Rc2+ 29. Rd2 1-0

[Event "Interclubs Adultes"]
[Site "CLICHY"]
[Date "16.??.??"]
[Round "9.8"]
[White "Hourcade, Jean"]
[Black "Fruteau, Sabine"]
[Result "0-1"]
[WhiteElo "1499"]
[BlackElo "2162"]
[PlyCount "58"]
[EventDate "16.??.??"]
[WhiteTeam "Chess XV"]
[BlackTeam "Deauville"]

1. d4 e6 2. Nf3 b6 3. e4 Bb7 4. Bd3 d6 5. O-O Nd7 6. c4 Ne7 7. Ng5 Nc6 8. d5
exd5 9. exd5 Nce5 10. Re1 Be7 11. f4 Bxg5 12. fxg5 O-O 13. Bc2 f5 14. gxf6 Qxf6
15. Nd2 Qf2+ 16. Kh1 Ng4 17. Ne4 Qh4 18. h3 Nde5 19. Bg5 Nf2+ 20. Nxf2 Qxg5 21.
Ne4 Qh4 22. b3 Bc8 23. Re3 Bf5 24. Qe1 Qh6 25. Qg3 Rae8 26. Rf1 Bxe4 27. Rxf8+
Rxf8 28. Bxe4 Ng4 29. Re2 Rf1# 0-1

[Event "Interclubs Adultes"]
[Site "CLICHY"]
[Date "16.??.??"]
[Round "9.1"]
[White "Rainfray, Arnaud"]
[Black "Solodovnichenko, Yuri"]
[Result "1/2-1/2"]
[WhiteElo "2406"]
[BlackElo "2541"]
[PlyCount "117"]
[EventDate "16.??.??"]
[WhiteTeam "Clichy II"]
[BlackTeam "Niort"]

1. e4 c5 2. Nf3 d6 3. c3 Nf6 4. Be2 Bg4 5. d3 e6 6. Nbd2 Nc6 7. O-O d5 8. Re1
Be7 9. Qc2 O-O 10. Nf1 c4 11. exd5 cxd3 12. Bxd3 Bxf3 13. dxc6 Bxc6 14. Bf4 Bd6
15. Bg5 h6 16. Bh4 Be7 17. Ne3 Nd7 18. Bxe7 Qxe7 19. Bh7+ Kh8 20. Be4 Bxe4 21.
Qxe4 Nc5 22. Qb4 Qc7 23. Rad1 Rfd8 24. Qc4 Qc6 25. Qh4 f6 26. Rxd8+ Rxd8 27.
Rd1 Rxd1+ 28. Nxd1 Qa6 29. Qh5 Ne4 30. a3 Qd3 31. h4 f5 32. Kh2 Nf6 33. Qf3
Ng4+ 34. Kg1 Qxf3 35. gxf3 Ne5 36. Kg2 f4 37. b3 Kh7 38. c4 Kg6 39. Nc3 Kh5 40.
Nb5 Ng6 41. Nxa7 Nxh4+ 42. Kh1 Nxf3 43. c5 Kg4 44. Kg2 Nd4 45. b4 f3+ 46. Kh2
Kf4 47. b5 Ke5 48. a4 Nb3 49. c6 Kd6 50. cxb7 Kc7 51. Nc6 Kxb7 52. Nd8+ Kb6 53.
Nxe6 Nd2 54. Kg3 Ne4+ 55. Kxf3 Nc3 56. Nxg7 Nxa4 57. Ne6 Kxb5 58. Ke4 Kc6 59.
Ke5 1/2-1/2

[Event "Interclubs Adultes"]
[Site "CLICHY"]
[Date "16.??.??"]
[Round "9.3"]
[White "Mullon, Jean-Baptiste"]
[Black "David, Vincent"]
[Result "1/2-1/2"]
[WhiteElo "2329"]
[BlackElo "2398"]
[PlyCount "82"]
[EventDate "16.??.??"]
[WhiteTeam "Clichy II"]
[BlackTeam "Niort"]

1. e4 e6 2. d4 d5 3. Nd2 dxe4 4. Nxe4 Nd7 5. Nf3 Ngf6 6. Nxf6+ Nxf6 7. c3 c5 8.
Ne5 a6 9. Be3 Qc7 10. Qa4+ Bd7 11. Nxd7 Nxd7 12. Be2 Bd6 13. dxc5 Bxc5 14. Bxc5
Qxc5 15. O-O Ke7 16. Rad1 Rhd8 17. Qe4 Qc7 18. Bf3 Rab8 19. Rd2 a5 20. Rfd1 Nf6
21. Qe3 b6 22. g3 h6 23. b4 Rxd2 24. Rxd2 Rc8 25. Rd3 Kf8 26. bxa5 bxa5 27. Qd2
Ke7 28. Qb2 Nd7 29. Bg2 Rb8 30. Qa3+ Nc5 31. Rd1 Kf8 32. h4 h5 33. Qc1 Rd8 34.
Rd4 e5 35. Rd5 Rxd5 36. Bxd5 Qd6 37. c4 g6 38. Qh6+ Ke7 39. Qh8 Qf6 40. Qa8 Qb6
41. Qg8 Qf6 1/2-1/2

[Event "Interclubs Adultes"]
[Site "CLICHY"]
[Date "16.??.??"]
[Round "9.5"]
[White "Beudaert, Xavier"]
[Black "Tranchant, Sebastien"]
[Result "1/2-1/2"]
[WhiteElo "2345"]
[BlackElo "2247"]
[PlyCount "39"]
[EventDate "16.??.??"]
[WhiteTeam "Clichy II"]
[BlackTeam "Niort"]

1. Nf3 c5 2. c4 g6 3. d4 cxd4 4. Nxd4 Nc6 5. e4 Nf6 6. Nc3 d6 7. Be2 Nxd4 8.
Qxd4 Bg7 9. Bg5 O-O 10. Qd2 Be6 11. O-O Qa5 12. f3 Rfc8 13. b3 Ng4 14. Rac1
Qc5+ 15. Kh1 Nf2+ 16. Rxf2 Qxf2 17. Be3 Qh4 18. Bg5 Qf2 19. Be3 Qh4 20. Bg5
1/2-1/2

[Event "Interclubs Adultes"]
[Site "CLICHY"]
[Date "16.??.??"]
[Round "9.6"]
[White "Voisembert, Alain"]
[Black "Lagarde, Maxime"]
[Result "0-1"]
[WhiteElo "2118"]
[BlackElo "2268"]
[PlyCount "50"]
[EventDate "16.??.??"]
[WhiteTeam "Niort"]
[BlackTeam "Clichy II"]

1. e4 c5 2. Nf3 d6 3. e5 dxe5 4. Nxe5 a6 5. Nc3 e6 6. b3 Qc7 7. Nf3 Nf6 8. Bd3
b5 9. Ne4 Nd5 10. Bb2 Nd7 11. c4 Nf4 12. Bf1 Bb7 13. d3 f5 14. Ned2 e5 15. Qc2
Be7 16. g3 Ne6 17. Bg2 O-O 18. O-O Bf6 19. Rfe1 Rae8 20. cxb5 axb5 21. a4 g5
22. Nxe5 Bxe5 23. Bxb7 Bxb2 24. Qxb2 Qxb7 25. axb5 Nd4 0-1

[Event "Interclubs Adultes"]
[Site "CLICHY"]
[Date "16.??.??"]
[Round "9.7"]
[White "Daurelle, Herve"]
[Black "Do, Huu-Thi"]
[Result "0-1"]
[WhiteElo "2242"]
[BlackElo "2168"]
[PlyCount "102"]
[EventDate "16.??.??"]
[WhiteTeam "Clichy II"]
[BlackTeam "Niort"]

1. e4 c5 2. Nf3 a6 3. c3 e6 4. d4 d5 5. exd5 exd5 6. dxc5 Bxc5 7. Bd3 Ne7 8.
O-O Nbc6 9. Bg5 h6 10. Bxe7 Bxe7 11. Bc2 Qd6 12. Bb3 Be6 13. Nd4 Nxd4 14. Qxd4
Bf6 15. Qd3 O-O-O 16. Nd2 g6 17. Rad1 Qf4 18. Rfe1 h5 19. Nf1 h4 20. Qe3 Qg4
21. Qc5+ Kb8 22. Bxd5 Qg5 23. Ne3 h3 24. g3 Rh5 25. f4 Be7 26. Qb6 Qxd5 27.
Nxd5 Rdxd5 28. b4 Bd8 29. Qf2 Bg4 30. Rxd5 Rxd5 31. c4 Rd3 32. Qc5 Bd7 33. b5
Bf6 34. Qf8+ Ka7 35. Re5 axb5 36. cxb5 Bxe5 37. fxe5 Bxb5 38. Qc5+ Ka6 39. a3
Rd2 40. a4 Rg2+ 41. Kh1 Bc6 42. Qc4+ Ka5 43. Qc5+ Kxa4 44. Qc4+ Ka3 45. Qc3+
Ka2 46. Qc4+ Kb1 47. Qd3+ Kc1 48. Qa3+ Kc2 49. Qa2+ Kc3 50. Qa1+ Kc4 51. Qf1+
Kc5 0-1

[Event "Interclubs Adultes"]
[Site "CLICHY"]
[Date "16.??.??"]
[Round "9.8"]
[White "Marchais, Aurelie"]
[Black "Marchadour, Emilie"]
[Result "1-0"]
[WhiteElo "1784"]
[BlackElo "2121"]
[PlyCount "63"]
[EventDate "16.??.??"]
[WhiteTeam "Niort"]
[BlackTeam "Clichy II"]

1. e4 c5 2. Nf3 Nc6 3. Bb5 Qc7 4. Nc3 e6 5. O-O g6 6. Bxc6 bxc6 7. d4 cxd4 8.
Qxd4 f6 9. e5 Bg7 10. Bf4 f5 11. Qc5 Ba6 12. Rfe1 h6 13. Rad1 g5 14. Bc1 O-O-O
15. Be3 Kb8 16. Qa3 Bc8 17. Bc5 d5 18. exd6 Qb7 19. Nd4 a6 20. Nxe6 Bxe6 21.
Rxe6 Qc8 22. Qa5 Nf6 23. Re7 Rd7 24. Qb6+ Qb7 25. Qxb7+ Kxb7 26. Rde1 Rhd8 27.
Bd4 Ne8 28. Bxg7 Nxg7 29. Na4 Kb8 30. Nc5 Rxe7 31. dxe7 Re8 32. Nd7+ 1-0

[Event "Interclubs Adultes"]
[Site "MIGNE-AUXANCES"]
[Date "16.??.??"]
[Round "9.1"]
[White "Moradiabadi, Elshan"]
[Black "Gaborit, Jean-Pierre"]
[Result "1-0"]
[WhiteElo "2506"]
[BlackElo "2243"]
[PlyCount "63"]
[EventDate "16.??.??"]
[WhiteTeam "Noisy le Grand"]
[BlackTeam "Tours"]

1. d4 Nf6 2. Nf3 g6 3. c4 Bg7 4. g3 d5 5. cxd5 Nxd5 6. Bg2 Nb6 7. Nc3 Nc6 8. e3
e5 9. d5 Ne7 10. e4 Bg4 11. a4 c6 12. a5 Nbc8 13. O-O cxd5 14. exd5 O-O 15. Qb3
Nd6 16. Be3 Nef5 17. Bc5 Re8 18. Nd2 Bh6 19. Nde4 Nxe4 20. Nxe4 Be2 21. Rfe1
Ba6 22. d6 Nd4 23. Qd5 Nc2 24. d7 Re6 25. Bh3 Nxe1 26. Bxe6 Nf3+ 27. Kg2 Ng5
28. Nxg5 Bxg5 29. Bxf7+ Kg7 30. Rd1 Qf6 31. Be8 Bb5 32. d8=Q 1-0

[Event "Interclubs Adultes"]
[Site "MIGNE-AUXANCES"]
[Date "16.??.??"]
[Round "9.2"]
[White "Maleki, Manuel"]
[Black "Boudiba, Mahfoud"]
[Result "0-1"]
[WhiteElo "2186"]
[BlackElo "2371"]
[PlyCount "122"]
[EventDate "16.??.??"]
[WhiteTeam "Tours"]
[BlackTeam "Noisy le Grand"]

1. Nf3 d5 2. d4 e6 3. c4 c5 4. cxd5 exd5 5. g3 Nf6 6. Bg2 Nc6 7. Nc3 Be7 8. O-O
O-O 9. dxc5 Bxc5 10. a3 a5 11. Bg5 Be6 12. Rc1 Be7 13. Nb5 h6 14. Bf4 Qb6 15.
Nc7 Rad8 16. Nxe6 fxe6 17. Bh3 g5 18. Be3 Qxb2 19. Qd3 Kg7 20. Rxc6 bxc6 21.
Nd4 g4 22. Nxe6+ Kf7 23. Bd4 Qxa3 24. Qf5 Rg8 25. Bg2 Qd6 26. Nxd8+ Rxd8 27. f3
Qe6 28. Qf4 Kg6 29. Bxf6 Bxf6 30. fxg4 Re8 31. h4 Kg7 32. Qc7+ Re7 33. Qxa5
Qxe2 34. Qa4 Qe6 35. Kh2 Qd6 36. Qb3 Bxh4 37. Qf3 Bf6 38. Rd1 Bg5 39. Rf1 Bf6
40. Rc1 Qe6 41. Rc2 Be5 42. Qf5 Qxf5 43. gxf5 Rc7 44. Kh3 Kf6 45. g4 Ke7 46.
Bf3 Kd6 47. Kh4 c5 48. Kh5 Bf4 49. Kg6 c4 50. f6 Kc5 51. Kf5 Bg5 52. Ke5 Rd7
53. Ra2 d4 54. Ra6 d3 55. Rc6+ Kb4 56. Ke6 Rd8 57. f7 c3 58. Rb6+ Kc5 59. Rc6+
Kd4 60. Rd6+ Rxd6+ 61. Kxd6 Bc1 0-1

[Event "Interclubs Adultes"]
[Site "MIGNE-AUXANCES"]
[Date "16.??.??"]
[Round "9.3"]
[White "Haik, Aldo"]
[Black "Carvallo, Henri"]
[Result "1-0"]
[WhiteElo "2384"]
[BlackElo "2154"]
[PlyCount "59"]
[EventDate "16.??.??"]
[WhiteTeam "Noisy le Grand"]
[BlackTeam "Tours"]

1. d4 d6 2. c4 e5 3. Nf3 e4 4. Nfd2 f5 5. e3 Nf6 6. Nc3 Be7 7. f3 exf3 8. Nxf3
O-O 9. Bd3 Na6 10. O-O c6 11. Bd2 d5 12. Rc1 Nc7 13. Ne5 Ne4 14. cxd5 Nxc3 15.
bxc3 cxd5 16. Qb3 b6 17. Nc6 Qd6 18. c4 Qxc6 19. cxd5 Qh6 20. d6+ Be6 21. Qa3
Bg5 22. dxc7 Bxe3+ 23. Bxe3 Qxe3+ 24. Kh1 Qxd4 25. Ba6 Rae8 26. Rfe1 Bc8 27.
Qb3+ Kh8 28. Rxe8 Rxe8 29. Bxc8 Rxc8 30. Qe6 1-0

[Event "Interclubs Adultes"]
[Site "MIGNE-AUXANCES"]
[Date "16.??.??"]
[Round "9.4"]
[White "Menager, Erwan"]
[Black "Onkoud, Abdelaziz"]
[Result "0-1"]
[WhiteElo "2132"]
[BlackElo "2396"]
[PlyCount "74"]
[EventDate "16.??.??"]
[WhiteTeam "Tours"]
[BlackTeam "Noisy le Grand"]

1. e4 c5 2. Nf3 d6 3. d4 cxd4 4. Nxd4 Nf6 5. Nc3 g6 6. Be3 Bg7 7. f3 Nc6 8. Qd2
O-O 9. O-O-O d5 10. exd5 Nxd5 11. Nxc6 bxc6 12. Bd4 e5 13. Bc5 Be6 14. Ne4 Re8
15. h4 h6 16. g4 Qc7 17. Bc4 Rad8 18. Qf2 Nf4 19. Bxe6 Nxe6 20. Ba3 Rd5 21. h5
Red8 22. hxg6 fxg6 23. Qe3 Qf7 24. Nc3 Rxd1+ 25. Rxd1 Rxd1+ 26. Kxd1 Nd4 27.
Bc5 a6 28. a4 Nxf3 29. Ne4 Kh7 30. g5 Nxg5 31. Nxg5+ hxg5 32. Ke2 Qc4+ 33. Kd2
Qxa4 34. b4 g4 35. Kd1 Qa1+ 36. Ke2 Qh1 37. Be7 e4 0-1

[Event "Interclubs Adultes"]
[Site "MIGNE-AUXANCES"]
[Date "16.??.??"]
[Round "9.5"]
[White "Khairallah, Faisal"]
[Black "Wenzel, Johannes"]
[Result "1/2-1/2"]
[WhiteElo "2350"]
[BlackElo "2144"]
[PlyCount "81"]
[EventDate "16.??.??"]
[WhiteTeam "Noisy le Grand"]
[BlackTeam "Tours"]

1. d4 Nf6 2. Nf3 e6 3. g3 b5 4. Bg2 Bb7 5. O-O Be7 6. Qd3 a6 7. Nbd2 O-O 8. e4
d6 9. a4 c5 10. axb5 axb5 11. Rxa8 Bxa8 12. dxc5 dxc5 13. Qe2 c4 14. e5 Nfd7
15. Re1 Nc6 16. Nf1 Qa5 17. h4 Qa4 18. Rd1 Nc5 19. Ng5 h6 20. Ne4 Nxe4 21. Bxe4
Rd8 22. Rxd8+ Bxd8 23. Qd1 Be7 24. Qd7 Bf8 25. Bxc6 Bxc6 26. Qxc6 Qxc2 27. Bd2
Qxb2 28. Qc8 Qa3 29. Ne3 Kh7 30. Kg2 Bc5 31. Qd7 Bxe3 32. Bxe3 b4 33. Qxf7 Qa8+
34. Qf3 Qc8 35. Qe4+ Kh8 36. Qd4 Qb7+ 37. Kh2 c3 38. Qd8+ Kh7 39. Qd3+ Kh8 40.
Bc1 Qd5 41. Qe3 1/2-1/2

[Event "Interclubs Adultes"]
[Site "MIGNE-AUXANCES"]
[Date "16.??.??"]
[Round "9.6"]
[White "Rossi Ercolani, Vincenzo"]
[Black "Piot, Olivier"]
[Result "0-1"]
[WhiteElo "2020"]
[BlackElo "2234"]
[PlyCount "79"]
[EventDate "16.??.??"]
[WhiteTeam "Tours"]
[BlackTeam "Noisy le Grand"]

1. c4 g6 2. g3 Bg7 3. Bg2 c5 4. Nc3 Nc6 5. d3 e6 6. Rb1 Nge7 7. e4 O-O 8. Nge2
b6 9. O-O Bb7 10. Be3 Nd4 11. Qd2 Nec6 12. b3 d6 13. a3 Qd7 14. Bh6 f5 15. Bxg7
Qxg7 16. f4 Rad8 17. Kh1 Rfe8 18. b4 Nxe2 19. Nxe2 Nd4 20. Rf2 Nxe2 21. Rxe2
Qd4 22. Rbe1 Kf7 23. h3 Ba8 24. Kh2 fxe4 25. Bxe4 d5 26. cxd5 Bxd5 27. Qb2 Bxe4
28. dxe4 c4 29. b5 Qxb2 30. Rxb2 Rd3 31. Rc1 Rc8 32. Rbc2 c3 33. Kg2 Kf6 34. g4
g5 35. Rf2 gxf4 36. Rxf4+ Ke5 37. Rf3 Rd2+ 38. Kg3 c2 39. Re3 Rd1 40. Re1 0-1

[Event "Interclubs Adultes"]
[Site "MIGNE-AUXANCES"]
[Date "16.??.??"]
[Round "9.7"]
[White "Rano, David"]
[Black "Legrand, Heloise"]
[Result "1-0"]
[WhiteElo "2171"]
[BlackElo "2012"]
[PlyCount "115"]
[EventDate "16.??.??"]
[WhiteTeam "Noisy le Grand"]
[BlackTeam "Tours"]

1. d4 d5 2. c4 e6 3. Nc3 Nf6 4. Bg5 Be7 5. e3 b6 6. cxd5 exd5 7. Bd3 Be6 8. Qf3
c6 9. h3 Nbd7 10. Nge2 Rc8 11. Ba6 Rb8 12. a4 Bd6 13. O-O h6 14. Bf4 Qe7 15.
Ng3 O-O 16. Bd3 Rbc8 17. Rfe1 c5 18. Nf5 Bxf5 19. Bxf5 Bxf4 20. exf4 Qd6 21.
Nb5 Qb8 22. Bxd7 Nxd7 23. Qxd5 Nf6 24. Qe5 cxd4 25. Nxd4 Qb7 26. Nf5 Rc2 27.
Nxh6+ Kh8 28. Nf5 Rd8 29. Nd6 Qc7 30. Rad1 Kg8 31. Nb5 Qb8 32. Nxa7 Re8 33.
Qxb8 Rxb8 34. b3 Rc3 35. Re3 Rxe3 36. fxe3 Re8 37. Kf2 Ne4+ 38. Kf3 Nc5 39. Rd6
Nxb3 40. Rxb6 Nd2+ 41. Kf2 Nc4 42. Rc6 Nxe3 43. Rc8 Rxc8 44. Nxc8 Nc4 45. Kf3
Kf8 46. Ke4 Ke8 47. Kd4 Na5 48. f5 Kd7 49. Nb6+ Kc6 50. Nc4 Nb3+ 51. Kc3 Nc5
52. a5 f6 53. Kd4 Na6 54. g4 Nc7 55. h4 Ne8 56. g5 fxg5 57. hxg5 Kb5 58. Kd5
1-0

[Event "Interclubs Adultes"]
[Site "MIGNE-AUXANCES"]
[Date "16.??.??"]
[Round "9.8"]
[White "Naigelblat, Maximilien"]
[Black "Tatard, Marie"]
[Result "0-1"]
[WhiteElo "1794"]
[BlackElo "1922"]
[PlyCount "80"]
[EventDate "16.??.??"]
[WhiteTeam "Tours"]
[BlackTeam "Noisy le Grand"]

1. e4 e6 2. d3 d5 3. Nd2 Nf6 4. g3 dxe4 5. dxe4 Bc5 6. Qe2 Nc6 7. c3 e5 8. Bg2
Ng4 9. Nh3 Qe7 10. Nb3 Bb6 11. f3 Nf6 12. Be3 Be6 13. Nd2 h6 14. Nf2 O-O 15. f4
exf4 16. gxf4 Rfe8 17. Bf3 Rad8 18. Rg1 Bxe3 19. Qxe3 Bf5 20. O-O-O Nd5 21. Qe1
Qc5 22. Nd3 Qf8 23. Qf2 Nf6 24. Ne5 Bd7 25. Qh4 Kh8 26. Ndc4 b5 27. Nxd7 Nxd7
28. e5 Ne7 29. Ne3 Ng6 30. Qg4 Nc5 31. Be2 Rxd1+ 32. Rxd1 a6 33. Kc2 Ne6 34.
Rf1 Qc5 35. Nf5 Rd8 36. b4 Qd5 37. Kb1 Qe4+ 38. Kc1 Nexf4 39. Rxf4 Qxf4+ 40.
Qxf4 Nxf4 0-1

[Event "Interclubs Adultes"]
[Site "MIGNE-AUXANCES"]
[Date "16.??.??"]
[Round "9.1"]
[White "Komarov, Dimitri"]
[Black "Bojkov, Dejan"]
[Result "1/2-1/2"]
[WhiteElo "2532"]
[BlackElo "2523"]
[PlyCount "43"]
[EventDate "16.??.??"]
[WhiteTeam "Drancy"]
[BlackTeam "Migné-Auxances"]

1. d4 Nf6 2. c4 g6 3. Nc3 Bg7 4. e4 d6 5. Be2 O-O 6. Nf3 Na6 7. O-O e5 8. Rb1
Qe8 9. d5 Nc5 10. Nd2 a5 11. b3 c6 12. a3 cxd5 13. cxd5 Bd7 14. a4 Bh6 15. Qc2
Qe7 16. Nc4 Bxc1 17. Rbxc1 Ne8 18. Nb6 Rb8 19. Bb5 f5 20. Bxd7 Nxd7 21. Nc4 b6
22. f3 1/2-1/2

[Event "Interclubs Adultes"]
[Site "MIGNE-AUXANCES"]
[Date "16.??.??"]
[Round "9.2"]
[White "Firman, Nazar"]
[Black "Todorov, Todor"]
[Result "1-0"]
[WhiteElo "2501"]
[BlackElo "2508"]
[PlyCount "77"]
[EventDate "16.??.??"]
[WhiteTeam "Migné-Auxances"]
[BlackTeam "Drancy"]

1. e4 g6 2. d4 Bg7 3. Nc3 c6 4. f4 d5 5. e5 Nh6 6. Be3 f6 7. h3 Nf5 8. Bf2 fxe5
9. dxe5 e6 10. Nf3 Qa5 11. Qd2 Bd7 12. g4 Nh6 13. Bg2 Na6 14. O-O O-O 15. a3
Rae8 16. Bxa7 Nc5 17. Bxc5 Qxc5+ 18. Kh1 Qc4 19. Ne2 Nf7 20. b3 Qa6 21. c4 Bc8
22. c5 g5 23. Ng3 gxf4 24. Nh5 Nh8 25. g5 Ng6 26. Nf6+ Kh8 27. h4 Rd8 28. h5
Ne7 29. Nd4 Nf5 30. Nxf5 exf5 31. Qxf4 d4 32. h6 Bxf6 33. exf6 Be6 34. f7 Qe2
35. Rae1 Qh5+ 36. Kg1 Rxf7 37. Rxe6 d3 38. Qe5+ Kg8 39. Re8+ 1-0

[Event "Interclubs Adultes"]
[Site "MIGNE-AUXANCES"]
[Date "16.??.??"]
[Round "9.3"]
[White "Legky, Nikolay A"]
[Black "Bedouin, Xavier"]
[Result "1-0"]
[WhiteElo "2479"]
[BlackElo "2363"]
[PlyCount "65"]
[EventDate "16.??.??"]
[WhiteTeam "Drancy"]
[BlackTeam "Migné-Auxances"]

1. d4 d5 2. c4 e6 3. Nc3 Be7 4. Nf3 Nf6 5. Bf4 O-O 6. e3 Nbd7 7. cxd5 Nxd5 8.
Nxd5 exd5 9. Bd3 c5 10. dxc5 Nxc5 11. O-O Bg4 12. Be2 Bf6 13. h3 Bh5 14. Rc1
Ne6 15. Bg3 Qa5 16. Qb3 d4 17. Rfd1 Rfd8 18. e4 b6 19. a3 Nc5 20. Qc2 d3 21.
Bxd3 Bxb2 22. Rb1 Bxf3 23. gxf3 Qxa3 24. Bc4 Rxd1+ 25. Qxd1 Rf8 26. Bd6 g6 27.
Bxf8 Kxf8 28. Qd8+ Kg7 29. Qe7 Bd4 30. Qxf7+ Kh6 31. Qf8+ Kh5 32. Be2 Qa2 33.
Re1 1-0